| 000 | 00451nam a2200169 i 4500 | ||
|---|---|---|---|
| 001 | bg | ||
| 100 | 1 | _aPRZYDRÓŻNY, Stanisław | |
| 245 | 0 |
_aWentylacja / _cStanisław Przydróżny ; Politechnika Wrocławska. |
|
| 260 |
_aWrocław : _bWydaw. PW, _c1991. |
||
| 650 | 9 | _aWentylacja | |
| 655 | _aPodręczniki akademickie | ||
| 040 | _cBPK | ||
| 041 | _apol | ||
| 080 | _a628.8:697](075.8) | ||
| 942 | _cKS | ||
| 008 | s pl f |000 0 pol | ||
| 999 |
_c4649 _d4649 |
||
| 856 |
_uhttp://koha.tu.koszalin.pl/cgi-bin/koha/opac-detail.pl?biblionumber=4649 _yKatalog online BPK |
||